Language Quiz

Random Language or Color Quiz

Spanish Color Flashcards Quiz Stats

 Plays Quiz Updated Feb 21, 2019

     
Support Sporcle.
Go Orange.
Score 0/11 Timer 01:00
5 Plays Today
% Correct
Blanco
94.7%
Negro
94.7%
Azul
92.6%
Rojo
92.3%
Verde
91.8%
Gris
91.5%
Rosado
89.1%
Anaranjado
85.6%
Amarillo
84.1%
Marrón
69.8%
Morado
65.9%

From the Vault

Progressively Smaller Movies II

by strokes_static

Movies 5m
But not exactly smaller in box office earnings.
Remove Ads.
Support Sporcle.
Get the best of Sporcle when you Go Orange. This ad-free experience offers more features, more stats, and more fun while also helping to support Sporcle. Thank you for becoming a member.

Show Comments

Extras

Top Quizzes Today


Score Distribution

Your Account Isn't Verified!

In order to create a playlist on Sporcle, you need to verify the email address you used during registration. Go to your Sporcle Settings to finish the process.

Report this User

Report this user for behavior that violates our Community Guidelines.

Details: